000 00285nam a22001337a 4500
008 170715b xxu||||| |||| 00| 0 eng d
020 _a9780874517064
041 _aeng
080 _a2
100 _a24
101 _aANT
245 _aA BREATH OF LIFE
_cFISHMAN,S.B
942 _2udc
_cBK
999 _c21044
_d21044